[Event "NOR-ch"]
[Site "Molde"]
[Date "2004.07.09"]
[Round "8"]
[White "Fyllingen, Roy Harald"]
[Black "Carlsen, Magnus"]
[Result "1/2-1/2"]
[WhiteElo "2374"]
[BlackElo "2552"]
[PlyCount "40"]
[EventDate "2004.07.03"]
[EventType "swiss"]
[EventRounds "9"]
[EventCountry "NOR"]
[SourceTitle "CBM 101 Extra"]
[Source "ChessBase"]
[SourceDate "2004.09.01"]
[SourceVersion "2"]
[SourceVersionDate "2004.09.01"]
[SourceQuality "1"]

1. d4 Nf6 2. Nf3 g6 3. g3 Bg7 4. Bg2 O-O 5. O-O d5 6. c4 dxc4 7. Na3 Nc6 8. Nxc4 Be6 9. b3 a5 10. Bb2 Bd5 11. Rc1 a4 12. bxa4 Ra6 13. a3 Qa8 14. Ne3 ({RR} 14. Qc2 Be4 15. Qb3 Bd5 {½-½ (15) Irzhanov,R (2535)-Dvoirys,S (2585) Krasnoyarsk 1998}) 14... Be4 ({RR} 14... Rxa4 15. Nxd5 Nxd5 16. Ne5 Nxe5 17. dxe5 Nb6 18. Rxc7 Nc4 19. Bc3 Nxe5 20. Bb4 Nc6 21. Bxc6 bxc6 22. Rxe7 Rxa3 23. Bxa3 Qxa3 24. Rc7 h5 25. Rxc6 h4 26. Qd7 Qa2 27. e3 Qe2 28. Rc8 hxg3 29. hxg3 {Afanasiev,N (2543)-Petrov,A (1929) Alushta UKR 2023 1-0 (32)}) 15. d5 Nxd5 16. Nxd5 Bxb2 $146 ({RR} 16... Bxd5 17. Bxg7 Rd8 18. Qc2 Kxg7 19. e4 Be6 20. Qb2+ Kg8 21. Ng5 Rb6 22. Qa1 Bb3 23. e5 Qxa4 24. Ne4 Qd4 25. Qxd4 Rxd4 26. Nc5 Bd5 27. Nxb7 Bxg2 28. Kxg2 Ra4 29. e6 Rxb7 30. exf7+ Kxf7 31. Rxc6 {Skomorokhin,R-Banas,J (2395) Gyor 1990 ½-½ (55)}) 17. Nxc7 Qa7 18. Nxa6 Bxc1 19. Qxc1 Qxa6 20. Qh6 Bxf3 1/2-1/2

[Event "NOR-ch"]
[Site "Molde"]
[Date "2004.07.10"]
[Round "9"]
[White "Carlsen, Magnus"]
[Black "Lie, Kjetil A"]
[Result "1-0"]
[WhiteElo "2552"]
[BlackElo "2430"]
[PlyCount "176"]
[EventDate "2004.07.03"]
[EventType "swiss"]
[EventRounds "9"]
[EventCountry "NOR"]
[SourceTitle "CBM 101 Extra"]
[Source "ChessBase"]
[SourceDate "2004.09.01"]
[SourceVersion "2"]
[SourceVersionDate "2004.09.01"]
[SourceQuality "1"]

1. d4 Nf6 2. c4 c5 3. d5 e6 4. Nc3 exd5 5. cxd5 d6 6. e4 g6 7. f4 Bg7 8. Bb5+ Nfd7 9. a4 a6 10. Bd3 Qh4+ 11. g3 Qd8 12. Nf3 O-O 13. O-O Nf6 14. f5 ({RR} 14. Re1 Bg4 15. Bf1 Qc8 16. a5 Re8 17. Ra3 h5 18. Bg2 c4 19. e5 dxe5 20. fxe5 Nfd7 21. e6 fxe6 22. h3 Bf5 23. dxe6 Nf6 24. Nd4 Bd3 25. Qf3 Nc6 26. Nxc6 bxc6 27. Qxc6 Qb8 28. Qxa8 Qxa8 {Gauglitz,G (2397)-Fridman,D (2630) Germany 2009 1-0 (57)}) ({RR} 14. Kg2 Bg4 15. h3 Bxf3+ 16. Qxf3 Nbd7 17. Bd2 Ne8 18. Nd1 Nc7 19. Bc3 b5 20. Bxg7 Kxg7 21. Ne3 Qf6 22. Rf2 c4 23. Bb1 Nc5 24. axb5 Qd4 25. b6 Nb5 26. f5 Rae8 27. f6+ Kh8 28. Qf4 Nxe4 {Djurhuus,R (2458)-Lie,K (2560) Norway 2012 0-1 (46)}) 14... Ng4 ({RR} 14... Re8 15. Kg2 c4 16. Bc2 Nbd7 17. h3 Rb8 18. a5 b5 19. axb6 Qxb6 20. g4 Nc5 21. Nd2 Qc7 22. Qf3 g5 23. Re1 Bb7 24. Re2 Nfd7 25. Nxc4 Nxe4 26. Rxe4 Bxc3 27. Bxg5 Bxb2 28. Rd1 Rxe4 29. Qxe4 {Celik,H (2417)-Amundsen,A (2069) Fagernes NOR 2024 1-0 (39)}) 15. Bg5 $146 ({RR} 15. h3 Ne5 16. Nxe5 Bxe5 17. Qf3 Nd7 18. Bh6 Bd4+ 19. Kg2 Ne5 20. Qe2 Re8 21. Rae1 Bd7 22. Bc2 b5 23. axb5 axb5 24. Nxb5 Bxb5 25. Qxb5 Rb8 26. Qe2 Rxb2 27. Rb1 Ra2 28. Rb7 c4 29. h4 Qa8 {Andersen,O (2085)-Hansen,E (2180) Denmark 1995 0-1 (45)}) 15... Qb6 16. a5 Qxb2 17. Na4 Bd4+ 18. Kh1 Qxa1 19. Qb3 Nd7 20. Rxa1 Bxa1 21. Be7 Re8 22. Bxd6 Nf2+ 23. Kg2 Nxe4 24. Bxe4 Rxe4 25. Ng5 Re2+ 26. Kf1 Re8 27. Qf3 Ne5 28. Qd1 Bd4 29. Nb6 Bxf5 30. Nxa8 Ng4 31. Bf4 Rxa8 32. Qb3 Re8 33. d6 Nxh2+ 34. Kg2 Re2+ 35. Kh1 Be4+ 36. Nxe4 Ng4 37. Nf6+ Bxf6 38. d7 Nf2+ 39. Kg2 Nd3+ 40. Kf3 Nxf4 41. Qxb7 Ra2 42. Qb8+ Kg7 43. Qxf4 Ra3+ 44. Ke2 Ra2+ 45. Kd1 Bd8 46. Qe5+ f6 47. Qe8 Bxa5 48. Qe7+ Kh6 49. Qf8+ Kg5 50. Qxc5+ Kh6 51. Kc1 Ra1+ 52. Kc2 Ra2+ 53. Kb1 Ra4 54. Kb2 Kg7 55. Kb3 Ra1 56. Qe7+ Kg8 57. Qxf6 Rd1 58. Qe6+ Kf8 59. Qe8+ Kg7 60. Qe7+ Kg8 61. Kc4 Rf1 62. d8=Q+ Bxd8 63. Qxd8+ Kg7 64. Qe7+ Rf7 65. Qe5+ Rf6 66. g4 h6 67. Kd5 g5 68. Qc7+ Rf7 69. Qc3+ Kg8 70. Ke6 Rf4 71. Qe5 Kh7 72. Ke7 Kg8 73. Qe6+ Kg7 74. Qf5 a5 75. Qe5+ Kg8 76. Qxa5 Kh7 77. Qd5 Kh8 78. Qd6 Kg7 79. Qe6 Kh7 80. Qd7 Kg8 81. Qc8+ Kh7 82. Qe6 Kg7 83. Qf5 Ra4 84. Qf7+ Kh8 85. Qe8+ Kg7 86. Qf7+ Kh8 87. Qg6 Rb4 88. Kd8 Rb7 1-0

[Event "Politiken Cup 26th"]
[Site "Copenhagen"]
[Date "2004.07.29"]
[Round "7"]
[White "Carlsen, Magnus"]
[Black "Lie, Kjetil A"]
[Result "1/2-1/2"]
[WhiteElo "2567"]
[BlackElo "2459"]
[PlyCount "88"]
[EventDate "2004.07.24"]
[EventType "swiss"]
[EventRounds "10"]
[EventCountry "DEN"]
[SourceTitle "CBM 101 Extra"]
[Source "ChessBase"]
[SourceDate "2004.09.01"]
[SourceVersion "2"]
[SourceVersionDate "2004.09.01"]
[SourceQuality "1"]

1. d4 Nf6 2. c4 g6 3. Nc3 Bg7 4. e4 d6 5. Nf3 O-O 6. Be2 c5 7. d5 e6 8. O-O exd5 9. cxd5 Re8 10. Nd2 Nbd7 11. Qc2 Ne5 12. h3 g5 13. f4 gxf4 14. Rxf4 Kh8 $146 ({RR} 14... a6 15. a4 Rb8 16. a5 b5 17. axb6 Rxb6 18. Nc4 Nxc4 19. Bxc4 Nh5 20. Rf3 Bd4+ 21. Be3 Be5 22. Qf2 f6 23. Rf1 Ng7 24. g4 Rf8 25. Bd3 Rb7 26. Bxa6 Rbf7 27. Bd3 Qb6 28. Kh1 Bd7 29. Rb1 {Rughani,M (1854)-Carroll,T (2124) Kenilworth ENG 2025 0-1 (65)}) 15. Nc4 Ng6 16. Rf1 b5 17. Nxb5 Nxe4 18. Bd3 a6 19. Bxe4 axb5 20. Rxf7 bxc4 21. Bxg6 Qh4 22. Rxg7 Re1+ 23. Kh2 Kxg7 24. Bxh7 Qxh7 25. Qc3+ Re5 26. Bf4 Qf5 27. Qg3+ Kh7 28. Rf1 Ra7 29. Bxe5 Qxf1 30. Qh4+ Kg6 31. Qg3+ Kh7 32. Qh4+ Kg6 33. Qg3+ Kf5 34. Bxd6 Qe2 35. Qf4+ Kg6 36. Qg3+ Kf5 37. Qf4+ Kg6 38. Qg3+ Kf7 39. Be5 Re7 40. Qg7+ Ke8 41. Qg6+ Rf7 42. Qg8+ Rf8 43. Qg6+ Rf7 44. Qg8+ Rf8 1/2-1/2

[Event "Politiken Cup 26th"]
[Site "Copenhagen"]
[Date "2004.07.30"]
[Round "8"]
[White "Schlecht, Daniel"]
[Black "Carlsen, Magnus"]
[Result "0-1"]
[WhiteElo "2363"]
[BlackElo "2567"]
[PlyCount "108"]
[EventDate "2004.07.24"]
[EventType "swiss"]
[EventRounds "10"]
[EventCountry "DEN"]
[SourceTitle "CBM 101 Extra"]
[Source "ChessBase"]
[SourceDate "2004.09.01"]
[SourceVersion "2"]
[SourceVersionDate "2004.09.01"]
[SourceQuality "1"]

1. d4 d5 2. c4 c6 3. Nf3 Nf6 4. e3 e6 5. Nc3 Nbd7 6. Bd3 dxc4 7. Bxc4 b5 8. Bd3 Bb7 9. e4 b4 10. Na4 c5 11. e5 Nd5 12. O-O h6 13. Re1 Rc8 14. Nxc5 Nxc5 15. dxc5 Bxc5 16. Qe2 Qb6 17. Bd2 O-O $146 ({RR} 17... a5 18. Rac1 O-O 19. Rf1 Rfd8 20. Bb1 Ne7 21. Rfd1 Ba6 22. Qe1 Nf5 23. h3 Bb7 24. Qe2 Ng3 25. Qe1 Bxf3 26. gxf3 Nf5 27. Kg2 Bd4 28. Rxc8 Rxc8 29. Bxf5 exf5 30. Be3 Qg6+ 31. Kf1 Bxe5 32. Rd5 {D'Costa,L (2370)-Tan,J (2512) London ENG 2025 0-1 (36)}) ({RR} 17... Ke7 18. Rad1 Rhd8 19. Bc1 a5 20. Rf1 Kf8 21. h3 a4 22. Nh2 Bd4 23. Nf3 Rxc1 {0-1 (23) Wallis,C (2359)-Tan,J (2407) Canberra 2015}) 18. a3 Rfd8 19. Rf1 a5 20. h3 b3 21. Rac1 Ne7 22. a4 Nf5 23. Kh2 Rxd3 24. Qxd3 Ba6 25. Qc3 Bxf1 26. Rxf1 Ra8 27. Be1 Nd4 28. Nd2 Bb4 29. Qe3 Rd8 30. Nxb3 Qa6 31. Bxb4 Qxf1 32. Nxd4 axb4 33. Nc6 Ra8 34. b3 Qd1 35. Ne7+ Kh8 36. Qf4 Qe1 37. g3 Ra7 38. Qxf7 Rxe7 39. Qxe7 Qxf2+ 40. Kh1 Qf1+ 41. Kh2 Qe2+ 42. Kg1 Qe3+ 43. Kf1 Qf3+ 44. Ke1 Qxg3+ 45. Kd2 Qc3+ 46. Ke2 Qxe5+ 47. Kd2 Qb2+ 48. Ke1 Qxb3 49. Qd8+ Kh7 50. a5 Qe3+ 51. Kd1 b3 52. Qd2 Qg1+ 53. Ke2 b2 54. Qc2+ Qg6 0-1

[Event "Outdoor Exhibition Match"]
[Site "Bergen"]
[Date "2004.08.06"]
[Round "1.1"]
[White "Carlsen, Magnus"]
[Black "Agdestein, Simen"]
[Result "0-1"]
[WhiteElo "2567"]
[BlackElo "2614"]
[PlyCount "208"]
[EventDate "2004.08.06"]
[EventType "match"]
[EventRounds "2"]
[EventCountry "NOR"]
[SourceTitle "EXT 2023"]
[Source "ChessBase"]
[SourceDate "2022.10.05"]
[SourceVersion "1"]
[SourceVersionDate "2022.10.05"]
[SourceQuality "1"]

1. d4 Nf6 2. c4 e6 3. Nc3 Bb4 4. Nf3 O-O 5. Bg5 h6 6. Bh4 c5 7. Rc1 cxd4 8. Nxd4 Qa5 $146 ({RR} 8... d5 9. cxd5 g5 10. Bg3 Qxd5 11. e3 Qxa2 12. Bd3 Qxb2 13. O-O Bxc3 14. Nb5 Ba5 15. Bd6 Nc6 16. Rc2 Qb3 17. Bc4 Qa4 18. Bxf8 Kxf8 19. f4 g4 20. Qd6+ Kg7 21. Rcc1 Qb4 22. Qd3 Qd2 23. Rfd1 {Sethuraman,S (2644)-Karjakin,S (2752) Chess.com INT 2020 0-1}) ({RR} 8... Nc6 9. e3 b6 10. Ndb5 a6 11. Nd6 Qe7 12. Nde4 g5 13. Nxf6+ Qxf6 14. Bg3 d5 15. h4 g4 16. Qxg4+ Kh8 17. Qg5 Bxc3+ 18. bxc3 Qxf2+ 19. Kxf2 hxg5 20. hxg5+ Kg7 21. cxd5 exd5 22. c4 Be6 23. cxd5 {Aronian,L (2792)-Caruana,F (2804) Leuven 2016 1-0 (34)}) ({RR} 8... Nc6 9. e3 d5 10. cxd5 Qxd5 11. Nxc6 Qxd1+ 12. Kxd1 bxc6 13. Bd3 Nd5 14. Na4 e5 15. Bg3 f6 16. Ke2 Be6 17. a3 Be7 18. e4 Nb6 19. Nxb6 axb6 20. Rxc6 Kf7 21. f3 Rfb8 22. Bf2 b5 23. Rc7 {Malek,J (2526)-Falkevall,A (2346) Dortmund GER 2025 1-0 (49)}) ({RR} 8... d5 9. cxd5 g5 10. Bg3 Qxd5 11. e3 Qxa2 12. Qc2 Bxc3+ 13. Qxc3 Ne4 14. Qb4 a5 15. Qb5 Bd7 16. Qxb7 Nc6 17. Bd3 Nxg3 18. hxg3 Nxd4 19. exd4 Qd5 20. Qxd5 exd5 21. Rxh6 Rab8 22. Rh5 f6 23. Rc7 {Dragnev,V (2564)-Shengelia,D (2543) Austria 2021 ½-½ (52)}) 9. Bxf6 gxf6 10. a3 Be7 11. e3 Qg5 12. Be2 Kh8 13. O-O Rg8 14. Bf3 Nc6 15. Ne4 Qg7 16. Nxc6 dxc6 17. Nd6 Rd8 18. c5 e5 19. Qb3 Bxd6 20. cxd6 Rb8 21. Rfd1 Be6 22. Qa4 f5 23. e4 fxe4 24. Qxe4 f5 25. Qe3 e4 26. Be2 Rd7 27. Bc4 Bxc4 28. Rxc4 Rbd8 29. Rcd4 Kh7 30. b4 Qe5 31. Qd2 Rg8 32. g3 Rg6 33. a4 h5 34. Rc1 Rgxd6 35. Rxd6 Qxd6 36. Qg5 Qg6 37. Qe3 a6 38. Rc5 Qg4 39. Kg2 Rd3 40. h3 Qf3+ 41. Qxf3 exf3+ 42. Kh2 Kg6 43. g4 hxg4 44. hxg4 f4 45. b5 axb5 46. axb5 Rd5 47. Rc4 Rxb5 48. Rxf4 Rb3 49. Kg3 b5 50. Rd4 Kg5 51. Rd6 Rc3 52. Rd4 c5 53. Rd5+ Kf6 54. g5+ Kg6 55. Kf4 Rc4+ 56. Kxf3 b4 57. Ke3 b3 58. Kd3 Rb4 59. Rd6+ Kxg5 60. f4+ Kf5 61. Rd5+ Kxf4 62. Rh5 c4+ 63. Kc3 b2 64. Kxb4 b1=Q+ 65. Kxc4 Qe4+ 66. Kc5 Qe7+ 67. Kb6 Qd8+ 68. Ka6 Qd6+ 69. Kb5 Qd3+ 70. Ka5 Qd2+ 71. Kb6 Qd6+ 72. Kb5 Qd7+ 73. Ka5 Qc7+ 74. Kb4 Ke4 75. Rc5 Qb6+ 76. Rb5 Qd4+ 77. Ka3 Kd3 78. Rb4 Qc5 79. Ka4 Qc6+ 80. Kb3 Qc7 81. Ka4 Qc6+ 82. Ka5 Kc3 83. Rb3+ Kc2 84. Rb6 Qa8+ 85. Kb4 Qd5 86. Rb5 Qd4+ 87. Ka5 Kc3 88. Rb6 Qc5+ 89. Ka6 Kc4 90. Kb7 Qe7+ 91. Ka6 Qa3+ 92. Kb7 Kc5 93. Rc6+ Kd5 94. Rb6 Qe7+ 95. Ka6 Qd7 96. Rb7 Qa4+ 97. Kb6 Kd6 98. Rb8 Qb4+ 99. Ka7 Qa5+ 100. Kb7 Kd7 101. Ra8 Qb5+ 102. Ka7 Kc7 103. Rc8+ Kxc8 104. Ka8 Qa6# 0-1

[Event "NOR Junior Team Championship"]
[Site "Oslo"]
[Date "2004.09.11"]
[Round "4"]
[White "Ostmoe, Geir S Tallaksen"]
[Black "Carlsen, Magnus"]
[Result "1-0"]
[WhiteElo "2350"]
[BlackElo "2567"]
[PlyCount "83"]
[EventDate "2004.09.10"]
[EventType "swiss"]
[EventCountry "NOR"]
[SourceTitle "EXT 2023"]
[Source "ChessBase"]
[SourceDate "2022.10.05"]
[SourceVersion "1"]
[SourceVersionDate "2022.10.05"]
[SourceQuality "1"]

1. d4 d5 2. c4 c6 3. Nc3 Nf6 4. e3 e6 5. Nf3 Nbd7 6. Bd3 dxc4 7. Bxc4 b5 8. Bd3 Bb7 9. e4 b4 10. Na4 c5 11. e5 Nd5 12. O-O h6 13. Bd2 Rc8 14. Rc1 Qa5 15. Re1 Be7 16. Nxc5 Nxc5 17. dxc5 Bxc5 18. Qe2 $146 ({RR} 18. Re4 Qb6 19. Qe2 Ne7 20. Rg4 g6 21. a3 a5 22. axb4 axb4 23. Rh4 Nf5 24. Rhc4 Bd5 25. R4c2 b3 26. Rc3 Kd7 27. g4 Ne7 28. Bb5+ Kd8 29. Ba4 Qb4 30. Rc4 Qb6 31. Rf4 Ra8 32. Qd3 g5 {Agdestein,S (2565)-Kaasen,T (2469) Bergen NOR 2025 1-0 (36)}) 18... Qb6 19. Rc4 Ke7 20. Rg4 g5 21. h4 gxh4 22. Rxh4 Rcg8 23. Rxh6 Rxh6 24. Bxh6 Rh8 25. Bg5+ Kd7 26. Rf1 Rg8 27. Qe4 Ne7 28. Qh4 Bxf3 29. gxf3 Nd5 30. f4 Nxf4 31. Qxf4 Be7 32. Rc1 Rxg5+ 33. Kf1 Qb7 34. Qd4+ Ke8 35. Be4 Qb5+ 36. Bd3 Qb7 37. Be4 Qb5+ 38. Bd3 Qb8 39. Ba6 Qb6 40. Rc8+ Bd8 41. Rxd8+ Qxd8 42. Bb5+ 1-0

[Event "Lausanne YM 5th"]
[Site "Lausanne"]
[Date "2004.09.18"]
[Round "2.2"]
[White "Papa, Severin"]
[Black "Carlsen, Magnus"]
[Result "1/2-1/2"]
[WhiteElo "2397"]
[BlackElo "2567"]
[PlyCount "84"]
[EventDate "2004.09.15"]
[EventType "k.o."]
[EventRounds "3"]
[EventCountry "SUI"]
[SourceTitle "CBM 104"]
[Source "ChessBase"]
[SourceDate "2005.01.27"]
[SourceVersion "1"]
[SourceVersionDate "2005.01.27"]
[SourceQuality "1"]

1. d4 Nf6 2. c4 g6 3. Nc3 d5 4. Nf3 Bg7 5. Bg5 Ne4 6. Bh4 Nxc3 7. bxc3 c5 8. e3 Nc6 9. cxd5 Qxd5 10. Be2 cxd4 11. cxd4 Qa5+ 12. Qd2 Qxd2+ 13. Kxd2 O-O 14. Rab1 b6 15. Bb5 Bb7 16. Rhc1 Rfc8 17. Bxc6 Bxc6 18. Bxe7 Bd5 19. a3 f6 20. Rxc8+ Rxc8 21. Rc1 Rxc1 22. Kxc1 Kf7 23. Bd6 Ke6 24. Bb8 Bf8 25. Kb2 a6 26. Bc7 $146 ({RR} 26. Ba7 b5 27. Bb6 Bd6 28. h3 h5 29. Ne1 g5 30. f3 f5 31. Bc5 Bxc5 32. dxc5 Bc4 33. f4 gxf4 34. exf4 Kd5 35. Kc3 Kxc5 36. Nf3 a5 37. Ne5 b4+ 38. axb4+ axb4+ 39. Kb2 Bf1 40. g4 fxg4 {Filgueira,H (2283)-Kornev,A (2500) chess.com INT 2024 ½-½ (59)}) ({RR} 26. Ba7 b5 27. Bb6 Bd6 28. h3 h5 29. Ne1 g5 30. f3 f5 31. Bc5 Bxc5 32. dxc5 Bc4 33. f4 gxf4 34. exf4 Kd5 35. Kc3 Kxc5 36. Nf3 a5 37. Ne5 b4+ 38. axb4+ axb4+ 39. Kb2 Bf1 40. g4 fxg4 {Filgueira,H (2283)-Kornev,A (2500) chess.com INT 2024 ½-½ (59)}) 26... b5 27. Ne1 Bc4 28. Ba5 Bd6 29. h3 Kd5 30. Bb4 Bh2 31. Nf3 Bc7 32. Nd2 Be2 33. Kc3 a5 34. e4+ Kc6 35. Bf8 Kd7 36. Bc5 h5 37. g3 f5 38. d5 Be5+ 39. Kc2 fxe4 40. Nxe4 Bc4 41. f4 Bg7 42. Nc3 Bxc3 1/2-1/2

[Event "Lausanne YM 5th"]
[Site "Lausanne"]
[Date "2004.09.20"]
[Round "3.5"]
[White "Carlsen, Magnus"]
[Black "Lagno, Kateryna"]
[Result "1-0"]
[WhiteElo "2567"]
[BlackElo "2472"]
[PlyCount "59"]
[EventDate "2004.09.15"]
[EventType "k.o."]
[EventRounds "3"]
[EventCountry "SUI"]
[SourceTitle "CBM 104"]
[Source "ChessBase"]
[SourceDate "2005.01.27"]
[SourceVersion "1"]
[SourceVersionDate "2005.01.27"]
[SourceQuality "1"]

1. d4 {Bologan,Viktor} Nf6 2. c4 g6 3. g3 Bg7 4. Bg2 O-O 5. Nf3 d6 6. O-O Nc6 7. Nc3 a6 8. h3 Bd7 9. e4 e5 10. dxe5 ({RR} 10. d5 Nd4 11. Be3 ({RR} 11. Nxd4 exd4 12. Qxd4 Qc8 13. Bg5 ({RR} 13. h4 Ng4 14. Qd1 b5 15. cxb5 axb5) 13... Nh5 14. Qd2 Bxh3 15. Bh6 Bxh6 16. Qxh6 Qg4 17. Rae1 Rae8 18. Bxh3 Qxh3) 11... Nxf3+ 12. Qxf3 Qc8 13. Bg5 Nh5 14. g4 Nf4 15. Bxf4 exf4 16. Qxf4 b5) 10... Nxe5 ({RR} 10... dxe5 11. Be3 Be6 12. b3 ({RR} 12. Qa4 b5 ({RR} 12... Qc8 13. Kh2 Rd8 14. Rfd1 Rxd1 15. Rxd1 h6 16. c5 Qf8 17. Nd5) 13. cxb5 axb5 14. Qc2 Nd4 15. Bxd4 exd4 16. Rfd1 c5 17. Nxb5 Qd7 18. a4 Bxh3 19. e5 Bxg2 20. Kxg2 Nd5 21. Qxc5 Nf4+ 22. gxf4 Qg4+ 23. Kf1 Qxf3 24. Qxd4 Rad8 25. Nd6 Rxd6 26. Qxd6 Qh1+) 12... Nd7 ({RR} 12... Re8 13. Qxd8 ({RR} 13. Qb1 Nh5 14. Rd1 Nd4) 13... Rexd8 14. Rad1 ({RR} 14. Nd5) 14... Rxd1 15. Rxd1 Rc8 16. Ne1 Bf8 17. Nd3) 13. Qd2 f6 14. Rfd1 Rf7 15. c5 Qf8 16. Nd5 Rc8 17. b4) 11. c5 ({RR} 11. Nxe5 dxe5 12. Be3 Be6 13. Qe2 c6 14. Bc5 ({RR} 14. Rfd1 Qa5 15. a3 Rfd8 16. Rdc1 Re8 17. b4 Qd8 18. a4 a5) 14... Re8 15. Rfd1 Qc8 16. Kh2 b5 17. b3 h5 18. h4 Bf8 19. Bxf8 Kxf8 20. c5 a5 21. Rd6 Qc7 22. Rad1 Red8 23. Bh3 ({RR} 23. Qd2 Rxd6 24. cxd6 Qb6 25. Bh3 Bxh3 26. Kxh3 Kg7) 23... Bxh3 24. Kxh3 Ne8 25. R6d2 Ng7 {Roiz,M (2630)-Bologan,V (2657) Kemer 2007 CBM 121 [Bologan,Viktor] 0-1 (36)} ({RR} 25... Qe7 26. Qe3 Rxd2 27. Rxd2 Rd8 28. Rxd8 Qxd8)) ({RR} 11. Nxe5 dxe5 12. Be3 Be6 13. Qe2 Re8 14. Rfd1 Qc8 15. Kh2 a5 16. Rac1 a4 17. Nd5 Nd7 18. b4 axb3 19. axb3 h6 20. Ra1 Rxa1 21. Rxa1 c6 22. Nb6 Qc7 23. Nxd7 Bxd7 24. Qd2 h5 25. Qa5 Qxa5 {Montilla Carrillo,E (2187)-Sirera Bargallo,T (2102) Barcelona 2020 1-0 (47)}) 11... Nxf3+ 12. Qxf3 dxc5 13. e5 Ne8 $146 ({RR} 13... Bc6 14. Qd1 Nd7 15. Bxc6 bxc6 16. f4 Nb6 17. Be3 c4 18. Qf3 Qd7 19. Kg2 Nd5 20. Bc5 Rfd8 21. Rad1 Rab8 22. Rf2 Qe6 23. Rfd2 f6 24. g4 fxe5 25. f5 gxf5 26. gxf5 Qf6 27. Ne4 Nf4+ 28. Kg3 {Garcia Lemos,F (2221)-Sanhueza,C (2325) Buenos Aires 2019 1-0 (33)}) ({RR} 13... Bc6 14. exf6 Bxf3 15. fxg7 Kxg7 16. Bxf3 Qf6 17. Bxb7 Rad8 18. Bg2 Rd4 19. Be3 Re8 20. Rac1 Qb6 21. Rc2 Rxe3 22. fxe3 Rd3 23. Re2 Qe6 24. Rfe1 Qe5 25. g4 h5 26. gxh5 Qxh5 27. Ne4 Rd1 28. Kf1 {Smith,A (2484)-Forsberg,V (2241) Sweden 2012 1-0 (61)}) 14. Rd1 Qc8 15. Qxb7 Rb8 16. Qxc8 Bxc8 17. Nd5 Be6 18. Be3 f6 19. Bxc5 Rf7 20. Ne7+ Kh8 21. Nc6 Rc8 22. Nd8 Bc4 23. Nxf7+ Bxf7 24. Rd7 Kg8 25. Rad1 Bxa2 26. Bc6 Bf8 27. Bxf8 Kxf8 28. Rd8 Rxd8 29. Rxd8 Bf7 30. e6 1-0

[Event "Gausdal Classic"]
[Site "Gausdal"]
[Date "2004.09.23"]
[Round "1"]
[White "Carlsen, Magnus"]
[Black "L'Ami, Erwin"]
[Result "0-1"]
[WhiteElo "2567"]
[BlackElo "2486"]
[PlyCount "98"]
[EventDate "2004.09.23"]
[EventType "tourn"]
[EventRounds "9"]
[EventCountry "NOR"]
[EventCategory "10"]
[SourceTitle "CBM 104"]
[Source "ChessBase"]
[SourceDate "2005.01.27"]
[SourceVersion "1"]
[SourceVersionDate "2005.01.27"]
[SourceQuality "1"]

1. d4 Nf6 2. c4 g6 3. Nc3 d5 4. cxd5 Nxd5 5. e4 Nxc3 6. bxc3 Bg7 7. Bc4 c5 8. Ne2 O-O 9. O-O Nc6 10. Be3 Bg4 11. f3 Na5 12. Bd3 cxd4 13. cxd4 Be6 14. d5 Bxa1 15. Qxa1 f6 16. Bh6 Re8 17. Kh1 Rc8 18. Nf4 Bd7 19. e5 Nc4 20. e6 Ba4 21. Nxg6 hxg6 22. Bxg6 Ne5 23. Be4 Bc2 24. Bxc2 Rxc2 25. Qd1 Qc7 26. f4 Rc1 27. Qxc1 Qxc1 28. Rxc1 Ng4 29. h3 Nxh6 30. g4 Rd8 31. Rc7 Kf8 32. Rd7 Nf7 33. h4 $146 ({RR} 33. Rxb7 Nd6 34. Rxa7 Nb5 35. Rb7 Nc3 36. Rd7 Ra8 37. d6 exd6 38. Rf7+ Ke8 39. g5 fxg5 40. fxg5 Ne4 41. g6 Ng3+ 42. Kg1 Nh5 43. Rh7 Ra4 44. h4 Re4 45. Rxh5 Rg4+ 46. Kf2 Rxg6 47. a4 Rxe6 {Harika,D (2358)-Alka,D (2019) Visakhapatnam 2006 1-0 (59)}) ({RR} 33. g5 Rxd7 34. exd7 Kg7 35. h4 Kg6 36. Kg2 f5 37. Kf2 Nd8 38. Ke3 b5 39. Kd4 Nb7 40. Kc3 a5 41. Kd4 Kh5 {½-½ (41) Aandal,K (1932)-Harstad,C (2109) Oslo 2005}) 33... b5 34. Kg2 a5 35. Kf3 a4 36. Ke3 b4 37. Ra7 Nh6 38. g5 Nf5+ 39. Ke4 Nd6+ 40. Kf3 fxg5 41. hxg5 b3 42. Rxa4 b2 43. Rb4 Nc4 44. Kg4 Rd6 45. Rb8+ Kg7 46. f5 Rb6 47. Rxb6 Nxb6 48. d6 exd6 49. f6+ Kf8 0-1

[Event "Gausdal Classic"]
[Site "Gausdal"]
[Date "2004.09.25"]
[Round "3"]
[White "Ostmoe, Geir S Tallaksen"]
[Black "Carlsen, Magnus"]
[Result "0-1"]
[WhiteElo "2350"]
[BlackElo "2567"]
[PlyCount "58"]
[EventDate "2004.09.23"]
[EventType "tourn"]
[EventRounds "9"]
[EventCountry "NOR"]
[EventCategory "10"]
[SourceTitle "CBM 104"]
[Source "ChessBase"]
[SourceDate "2005.01.27"]
[SourceVersion "1"]
[SourceVersionDate "2005.01.27"]
[SourceQuality "1"]

1. d4 Nf6 2. c4 e6 3. Nf3 b6 4. a3 Ba6 5. Qc2 Bb7 6. Nc3 c5 7. e4 cxd4 8. Nxd4 Bc5 9. Nb3 Nc6 10. Bf4 e5 11. Bg5 h6 12. Bh4 O-O ({RR} 12... g5 13. Bg3 Nh5 14. O-O-O a6 15. Kb1 Rc8 16. Be2 Nxg3 17. hxg3 Nd4 18. Nxd4 Bxd4 19. Nd5 b5 20. f4 Bxd5 21. exd5 Qf6 22. Qe4 Kd8 23. Rhf1 gxf4 24. gxf4 Qg6 25. Qxg6 fxg6 26. cxb5 axb5 27. Bxb5 {Ostmoe,G (2327)-Quinn,M (2411) Gausdal 2003 1-0 (39)}) 13. f3 ({RR} 13. Rd1 Nd4 14. Nxd4 exd4 15. Bxf6 Qxf6 16. Nd5 Bxd5 17. cxd5 Rac8 18. Qd3 Rfe8 19. Be2 Qe5 20. Rd2 f5 21. exf5 Bxa3 22. O-O Bb4 23. Bh5 Bxd2 24. Bxe8 Rxe8 25. Qxd2 Qxf5 26. Qxd4 Re2 27. h3 Qe4 {Sokolov,I (2641)-Efimenko,Z (2689) Vrnjacka Banja 2010 0-1 (43)}) ({RR} 13. Bd3 Rc8 14. O-O g5 15. Bg3 Nh5 16. Rad1 Qf6 17. Be2 Nxg3 18. hxg3 Qe6 19. Rd2 a6 20. Qd1 Nd4 21. Nd5 Nxb3 {½-½ (21) Kempinski,R (2566)-Petrov,M (2536) Hamburg GER 2025}) 13... Rc8 14. O-O-O a6 15. Qd2 $146 ({RR} 15. Kb1 Nd4 16. Nxd4 Bxd4 17. Bf2 Bxf2 18. Qxf2 b5 19. cxb5 axb5 20. Nxb5 d5 21. exd5 Nxd5 22. Bd3 Qe7 23. Rhe1 Rfd8 24. g3 Rb8 25. f4 Bc6 26. Rxe5 Qf8 27. Qe2 Qc5 28. Rc1 Qb6 29. a4 Nb4 {Kamsky,G (2720)-Friedel,J (2516) Philadelphia 2009 1-0 (34)}) 15... Nxe4 16. Nxe4 Qxh4 17. Nexc5 bxc5 18. Qxd7 Ba8 19. Qf5 Rfd8 20. g3 Rxd1+ 21. Kxd1 Qd8+ 22. Kc1 Rb8 23. Nd2 Nd4 24. Qd3 Nxf3 25. Nxf3 Qf6 26. Qc3 Bxf3 27. Rg1 Be4 28. Bd3 Bxd3 29. Qxd3 Qf2 0-1

[Event "Gausdal Classic"]
[Site "Gausdal"]
[Date "2004.09.30"]
[Round "8"]
[White "Carlsen, Magnus"]
[Black "Johannessen, Leif Erlend"]
[Result "1/2-1/2"]
[WhiteElo "2567"]
[BlackElo "2538"]
[PlyCount "78"]
[EventDate "2004.09.23"]
[EventType "tourn"]
[EventRounds "9"]
[EventCountry "NOR"]
[EventCategory "10"]
[SourceTitle "CBM 104"]
[Source "ChessBase"]
[SourceDate "2005.01.27"]
[SourceVersion "1"]
[SourceVersionDate "2005.01.27"]
[SourceQuality "1"]

1. d4 d5 2. c4 c6 3. Nf3 Nf6 4. Nc3 dxc4 5. a4 Bf5 6. Ne5 Nbd7 7. Nxc4 Qc7 8. g3 e5 9. dxe5 Nxe5 10. Bf4 Nfd7 11. Bg2 g5 12. Ne3 gxf4 13. Nxf5 O-O-O 14. Qc2 Nc5 15. O-O Ne6 16. Qe4 fxg3 17. hxg3 a5 18. Rfc1 Nc5 ({RR} 18... Bc5 19. Nb5 cxb5 20. axb5 b6 21. b4 axb4 22. Ra8+ Kd7 23. Rd1+ Ke8 24. Rdxd8+ Nxd8 25. Qxe5+ {1-0 (25) Johannessen,L (2519)-Isaev,J (2424) Mallorca 2004}) 19. Qh4 Ng6 $146 ({RR} 19... Nb3 20. Nd5 Rxd5 21. Bxd5 Nxc1 22. Rxc1 Qd8 23. Qd4 f6 24. Be6+ Kc7 25. Qxd8+ Kxd8 26. f4 Ng4 27. Rd1+ Kc7 28. Rd7+ Kb6 29. Nd4 Ne3 30. Kh2 Bc5 31. Nb3 Bb4 32. Kh3 Re8 33. f5 Re7 34. Rd3 {Palo,D (2513)-Bromberger,S (2440) Gausdal 2004 ½-½ (36)}) 20. Qh5 Kb8 21. Rd1 Rxd1+ 22. Rxd1 Ne6 23. Ne4 Bb4 24. e3 Ka7 25. Nd4 Rd8 26. Qxh7 Nxd4 27. exd4 Nf8 28. Qh5 Ne6 29. d5 Rxd5 30. Rxd5 cxd5 31. Qxd5 Qc1+ 32. Kh2 Qxb2 33. Bh3 Qc2 34. Bxe6 fxe6 35. Qd4+ Ka8 36. Qd8+ Ka7 37. Qd4+ Ka8 38. Qd8+ Ka7 39. Qd4+ Ka8 1/2-1/2